| 000 | 01345nam a22002897a 4500 | ||
|---|---|---|---|
| 005 | 20131004120143.0 | ||
| 010 | _aENG-108582 | ||
| 020 |
_a9788131728185 _c4200.00 |
||
| 035 | _aEN-92115 | ||
| 037 | _bDBAD/PUB | ||
| 082 | 0 | 0 |
_a506.054 _222 |
| 245 | 0 | 0 |
_aScience and modern India : _ban institutional history, c. 1784-1947 / _cedited by Uma Das Gupta |
| 260 |
_aDelhi _bPearson Education _c2011 |
||
| 270 |
_a11, Community Centre, Panchsheel Park _bNew Delhi _e110017 |
||
| 300 |
_alxxvii, 1151p. : _bill. _c29cm(Hb) |
||
| 490 | 0 |
_aHistory of science, philosophy, and culture in Indian civilization ; _vv. 15, pt. 4 |
|
| 500 | _a"Project of History of Indian Science, Philosophy, and Culture (PHISPC), Sub-project: Consciousness, Science, Society, Value, and Yoga." | ||
| 500 | _a"Centre for Studies in Civilizations." | ||
| 504 | _aIncludes biblioggraphical refereences and index. | ||
| 650 | 0 |
_aScience _zIndia _xSocieties, etc. _xHistory |
|
| 650 | 0 |
_aScience _xStudy and teaching (Higher) _zIndia _xHistory. |
|
| 650 | 0 |
_aScience _zIndia _xHistory. |
|
| 700 | 1 | _aDasgupta, Uma | |
| 710 | 2 |
_aProject of History of Indian Science, Philosophy, and Culture _bSub Project: Consciousness, Science, Society, Value, and Yoga |
|
| 710 | 2 | _aCentre for Studies in Civilizations (Delhi, India) | |
| 942 |
_2ddc _cEN _mSCI _h506.054 |
||
| 999 |
_c79808 _d79808 |
||